000 01085cam a2200337 i 4500
001 200462439
003 TR-AnTOB
005 20241118100917.0
007 ta
008 190708s2017 tu a 000 0 tur d
020 _a9789751633453
040 _aTR-AnTOB
_beng
_erda
_cTR-AnTOB
041 0 _atur
050 1 4 _aPL234.Y35
_bS65 2017
090 _aPL234.Y35
_bS65 2017
100 1 _aYāltaqāyā, Muḥammad Sharaf al-Dīn
_eauthor
_947818
245 1 _aSolgun çiçekler /
_cMehmed Şerafeddin Yaltkaya ; hazırlayan : Adnan Akgün.
250 _aBirinci Baskı.
264 1 _aAnkara :
_bTürk Dil Kurumu Yayınları,
_c2017.
300 _a330 pages :
_billustrations ;
_c24 cm
336 _ametin
_btxt
_2rdacontent
337 _aaracısız
_bn
_2rdamedia
338 _acilt
_bnc
_2rdacarrier
490 0 _aAKDTYK , Türk Dil Kurumu Yayınları ;
_v1233
504 _aBIB
650 7 _aTürk şiiri
_984273
_2etuturkob
700 1 _aAkgün, Adnan
_943766
_eeditor
830 1 _aAKDTYK , Türk Dil Kurumu Yayınları ;
_v1233
942 _2lcc
_cBK
999 _c200462439
_d80651